[Event "IND-ch (Women) 49th"]
[Site "Ahmedabad"]
[Date "2023.07.08"]
[Round "9"]
[White "Mehendi, Sil"]
[Black "Anushka, Bapu Kutwal"]
[Result "0-1"]
[WhiteElo "1815"]
[BlackElo "1621"]
[PlyCount "66"]
[EventDate "2023.06.30"]
[EventType "swiss"]
[EventRounds "11"]
[EventCountry "IND"]
[SourceTitle "CBM 215 Extra"]
[Source "ChessBase"]
[SourceDate "2023.09.30"]
[SourceVersion "1"]
[SourceVersionDate "2023.09.30"]
[SourceQuality "1"]

1. d4 d5 2. Bf4 Nf6 3. e3 c5 4. c3 Qb6 5. Qb3 c4 6. Qc2 g6 7. b3 Bf5 8. Qb2 Nbd7 9. Nd2 Rc8 10. f3 e5 11. Bg5 exd4 12. exd4 Bg7 13. g4 Bd3 14. Bxd3 cxd3 15. Kf2 0-0 16. Nh3 h6 17. Be3 Rfe8 18. Nf4 Qa6 19. c4 Nb6 20. Nxd3 dxc4 21. bxc4 Nxc4 22. Nxc4 Qxc4 23. Qd2 Rcd8 24. Rac1 Qd5 25. Nf4 Qd6 26. h4 Nd5 27. Nxd5 Qxd5 28. Rhd1 h5 29. gxh5 Qxh5 30. Rh1 Rxe3 31. Kxe3 Bh6+ 32. f4 Bxf4+ 33. Kxf4 Qh6+ 0-1

[Event "IND-ch (Women) 49th"]
[Site "Ahmedabad"]
[Date "2023.07.05"]
[Round "6"]
[White "Kashthuri Bhai, R."]
[Black "Mehendi, Sil"]
[Result "1/2-1/2"]
[WhiteElo "1492"]
[BlackElo "1815"]
[PlyCount "52"]
[EventDate "2023.06.30"]
[EventType "swiss"]
[EventRounds "11"]
[EventCountry "IND"]
[SourceTitle "CBM 215 Extra"]
[Source "ChessBase"]
[SourceDate "2023.09.30"]
[SourceVersion "1"]
[SourceVersionDate "2023.09.30"]
[SourceQuality "1"]

1. e4 e6 2. d4 d5 3. Nc3 Bb4 4. e5 Ne7 5. Nf3 c5 6. Bb5+ Bd7 7. Bxd7+ Nxd7 8. 0-0 cxd4 9. Qxd4 Bxc3 10. Qxc3 Rc8 11. Qd3 Qc7 12. Bg5 Qxc2 13. Qa3 Qc5 14. b4 Qb6 15. Rac1 h6 16. Rxc8+ Nxc8 17. Rc1 0-0 18. Be3 Qa6 19. Qxa6 bxa6 20. Rc7 Ndb6 21. Bc5 Rd8 22. Nd4 Rd7 23. Rc6 Rd8 24. Rc7 Rd7 25. Rc6 Rd8 26. Rc7 Rd7 1/2-1/2

[Event "Wch U16 Girls"]
[Site "Mumbai"]
[Date "2019.10.11"]
[Round "10"]
[White "Lakshmi, Chidambaram"]
[Black "Mehendi, Sil"]
[Result "1/2-1/2"]
[WhiteElo "1859"]
[BlackElo "1812"]
[PlyCount "101"]
[EventDate "2019.10.02"]
[EventType "swiss"]
[EventRounds "11"]
[EventCountry "IND"]
[SourceTitle "EXT 2020"]
[Source "ChessBase"]
[SourceDate "2019.10.17"]
[SourceVersion "1"]
[SourceVersionDate "2019.10.17"]
[SourceQuality "1"]

1. e4 c6 2. Nc3 d5 3. Nf3 Nf6 4. exd5 cxd5 5. d4 Bg4 6. Be2 Nc6 7. 0-0 e6 8. Bf4 Be7 9. Ne5 Bxe2 10. Nxe2 0-0 11. h3 Qb6 12. Rb1 Rac8 13. a3 Nxe5 14. Bxe5 Nd7 15. Bg3 Bd6 16. Kh1 Bxg3 17. Nxg3 Qc7 18. c3 f5 19. f4 Nf6 20. Ne2 Ne4 21. Rf3 Qe7 22. Qe1 Kh8 23. Ng3 Rg8 24. Nxe4 fxe4 25. Rf2 Rcf8 26. Qe3 g5 27. fxg5 Rxf2 28. Qxf2 Qxg5 29. Rf1 Qg3 30. Qf6+ Qg7 31. g4 Qxf6 32. Rxf6 Rg6 33. Rf4 Kg7 34. Kg2 h5 35. Kg3 b5 36. Rf2 hxg4 37. hxg4 a5 38. Rf1 Rf6 39. Re1 Rf3+ 40. Kh4 Rf2 41. a4 Rxb2 42. axb5 Rxb5 43. Ra1 Rb3 44. Rxa5 Rxc3 45. Kg5 Rc7 46. Ra6 Re7 47. Kf4 Kf6 48. g5+ Kg6 49. Kg4 Kf7 50. Kf4 Rb7 51. Ke5 1/2-1/2

[Event "Wch U16 Girls"]
[Site "Mumbai"]
[Date "2019.10.05"]
[Round "5"]
[White "Mehendi, Sil"]
[Black "Greeshma, Anand Dhumal"]
[Result "1-0"]
[WhiteElo "1812"]
[BlackElo "1990"]
[PlyCount "85"]
[EventDate "2019.10.02"]
[EventType "swiss"]
[EventRounds "11"]
[EventCountry "IND"]
[SourceTitle "EXT 2020"]
[Source "ChessBase"]
[SourceDate "2019.10.17"]
[SourceVersion "1"]
[SourceVersionDate "2019.10.17"]
[SourceQuality "1"]

1. d4 d5 2. c4 c6 3. cxd5 cxd5 4. Bf4 Nc6 5. Nc3 a6 6. e3 Nf6 7. Nf3 e6 8. Be2 Bd6 9. Bxd6 Qxd6 10. 0-0 0-0 11. a3 b5 12. Rc1 Na5 13. Ne5 Nc4 14. Bxc4 dxc4 15. a4 Bb7 16. f3 Nd5 17. Nxd5 exd5 18. b3 f6 19. Ng4 Rfc8 20. bxc4 dxc4 21. e4 Rd8 22. d5 f5 23. Nf2 Rac8 24. Qd4 Bc6 25. Qb6 Be8 26. Qxd6 Rxd6 27. axb5 axb5 28. Rfd1 Rcd8 29. Rd4 Kf8 30. Rcd1 Bc6 31. dxc6 Rxd4 32. Rxd4 Rc8 33. Rd5 b4 34. Rxf5+ Ke7 35. Rc5 c3 36. Rc4 Kd6 37. Nd3 Rxc6 38. Rxc6+ Kxc6 39. Nxb4+ Kb5 40. Nc2 Kc4 41. Kf2 Kd3 42. Ne1+ Kd2 43. e5 1-0

[Event "IND-ch U13 Girls 31st"]
[Site "Jalandhar"]
[Date "2017.06.22"]
[Round "3"]
[White "Mehendi, Sil"]
[Black "Ananya, Rishi Gupta"]
[Result "1/2-1/2"]
[WhiteElo "1571"]
[BlackElo "1986"]
[PlyCount "133"]
[EventDate "2017.06.21"]
[EventType "swiss"]
[EventRounds "11"]
[EventCountry "IND"]
[SourceTitle "CBM 179 Extra"]
[Source "ChessBase"]
[SourceDate "2017.08.23"]
[SourceVersion "1"]
[SourceVersionDate "2017.08.23"]
[SourceQuality "1"]

1. d4 d5 2. Bf4 Nf6 3. e3 c5 4. c3 Qb6 5. Qb3 c4 6. Qc2 Nc6 7. b3 cxb3 8. axb3 e6 9. Nd2 Nh5 10. Bg5 h6 11. Bh4 g5 12. Be2 Ng7 13. Bg3 Nf5 14. e4 Nxg3 15. hxg3 Bg7 16. Ngf3 Bd7 17. 0-0 0-0 18. e5 Qd8 19. Nh2 Qe7 20. f4 a6 21. g4 gxf4 22. Rxf4 f6 23. exf6 Bxf6 24. Qg6+ Qg7 25. Qxg7+ Kxg7 26. Raf1 e5 27. dxe5 Bxe5 28. R4f3 Rae8 29. Rxf8 Rxf8 30. Rxf8 Kxf8 31. c4 d4 32. Nhf1 Kf7 33. Kf2 Nb4 34. Ng3 d3 35. Bd1 Bd4+ 36. Kf3 Bc6+ 37. Nde4 Nc2 38. Nf5 Ne1+ 39. Kf4 Nxg2+ 40. Kf3 Ne1+ 41. Kf4 Ng2+ 42. Kf3 Bc5 43. Nxh6+ Ke6 44. Kxg2 Bxe4+ 45. Kg3 Be3 46. g5 Bxg5 47. Ng4 Kd6 48. Nf2 Bg6 49. Bf3 b6 50. Be4 Bxe4 51. Nxe4+ Kc6 52. Kf3 Bh6 53. b4 a5 54. b5+ Kc7 55. c5 a4 56. Nc3 bxc5 57. Nxa4 c4 58. Kf2 Kd6 59. Ke1 Bg7 60. Kd2 Be5 61. b6 Kc6 62. b7 Bf4+ 63. Kc3 Kb5 64. Nb2 Be5+ 65. Kd2 c3+ 66. Kxd3 cxb2 67. Kc2 1/2-1/2

[Event "IND-ch U11 Girls"]
[Site "Odisha"]
[Date "2014.07.31"]
[Round "10"]
[White "Chopdekar, Gunjal"]
[Black "Mehendi, Sil"]
[Result "1/2-1/2"]
[WhiteElo "1438"]
[BlackElo "1288"]
[PlyCount "80"]
[EventDate "2014.07.24"]
[EventType "swiss"]
[EventRounds "11"]
[EventCountry "IND"]
[SourceTitle "CBM 161 Extra"]
[Source "ChessBase"]
[SourceDate "2014.08.29"]
[SourceVersion "1"]
[SourceVersionDate "2014.08.29"]
[SourceQuality "1"]

1. d4 Nf6 2. c4 g6 3. Nc3 Bg7 4. Nf3 d6 5. h3 0-0 6. Bf4 Re8 7. e3 Nbd7 8. Be2 e5 9. dxe5 dxe5 10. Nxe5 Nxe5 11. Qxd8 Rxd8 12. Bxe5 c6 13. Rd1 Re8 14. Bh2 Be6 15. 0-0 Nd7 16. Rc1 Nb6 17. b3 Rad8 18. Rfd1 Rxd1+ 19. Nxd1 Rd8 20. Kf1 Rd2 21. a4 Ra2 22. Bd3 Rd2 23. Bc2 Rd8 24. Ke2 Nd7 25. f3 Nb8 26. Nf2 Na6 27. Nd3 Bc3 28. Bb1 Ba5 29. Bc2 Bc3 30. Bb1 Ba5 31. Be5 Nb4 32. Nxb4 Bxb4 33. Bd3 Be7 34. Rb1 Bg5 35. b4 Bxe3 36. Kxe3 Rxd3+ 37. Kxd3 Bf5+ 38. Kc3 Bxb1 39. b5 cxb5 40. axb5 Bf5 1/2-1/2

[Event "IND-ch U11 Girls"]
[Site "Odisha"]
[Date "2014.07.30"]
[Round "9"]
[White "Mehendi, Sil"]
[Black "Mrudul, Dehankar"]
[Result "0-1"]
[WhiteElo "1288"]
[BlackElo "1509"]
[PlyCount "64"]
[EventDate "2014.07.24"]
[EventType "swiss"]
[EventRounds "11"]
[EventCountry "IND"]
[SourceTitle "CBM 161 Extra"]
[Source "ChessBase"]
[SourceDate "2014.08.29"]
[SourceVersion "1"]
[SourceVersionDate "2014.08.29"]
[SourceQuality "1"]

1. e4 c5 2. Nf3 g6 3. c4 Bg7 4. d4 cxd4 5. Nxd4 Nc6 6. Be3 Nf6 7. Nc3 Ng4 8. Qxg4 Nxd4 9. Qd1 Ne6 10. Qd2 0-0 11. Bd3 d6 12. f3 Nc5 13. Bxc5 dxc5 14. g4 Qd4 15. 0-0-0 Be6 16. Qe2 a6 17. h4 Be5 18. Kb1 b5 19. cxb5 Qb4 20. Qc2 axb5 21. h5 Ra3 22. Kc1 Bf4+ 23. Kb1 Rfa8 24. hxg6 fxg6 25. Nd5 Bxd5 26. exd5 Rxa2 27. Qc3 Qa4 28. b3 Ra1+ 29. Kc2 Qa2+ 30. Qb2 Qxb2+ 31. Kxb2 R8a2+ 32. Kc3 Be5# 0-1

[Event "IND-ch U11 Girls"]
[Site "Odisha"]
[Date "2014.07.27"]
[Round "6"]
[White "Ananya, Rishi Gupta"]
[Black "Mehendi, Sil"]
[Result "0-1"]
[WhiteElo "1390"]
[BlackElo "1288"]
[PlyCount "124"]
[EventDate "2014.07.24"]
[EventType "swiss"]
[EventRounds "11"]
[EventCountry "IND"]
[SourceTitle "CBM 161 Extra"]
[Source "ChessBase"]
[SourceDate "2014.08.29"]
[SourceVersion "1"]
[SourceVersionDate "2014.08.29"]
[SourceQuality "1"]

1. e4 c5 2. c3 d5 3. exd5 Qxd5 4. d4 Nc6 5. Be3 cxd4 6. cxd4 Nf6 7. Nc3 Qa5 8. Nf3 Bg4 9. Be2 e6 10. 0-0 Be7 11. h3 Bh5 12. Qb3 Qc7 13. Rfd1 0-0 14. d5 exd5 15. Nxd5 Nxd5 16. Rxd5 Bg6 17. Rc1 Bd6 18. Rb5 Rfb8 19. Nd4 Nxd4 20. Rxc7 Nxb3 21. Rd7 Rd8 22. Rxd8+ Rxd8 23. Rxb3 b6 24. Bd3 Bxd3 25. Rxd3 Bh2+ 26. Kxh2 Rxd3 27. Kg3 Kf8 28. Kf4 Ke7 29. Ke4 Rd1 30. a3 Ke6 31. Bd4 f5+ 32. Ke3 g6 33. Bc3 Rg1 34. Kf3 Kd5 35. g3 Kc4 36. Kf4 Rf1 37. Kf3 Kb3 38. Bd4 Rd1 39. Bc3 Rb1 40. Kf4 h6 41. Bg7 Rxb2 42. Bxh6 Rxf2+ 43. Kg5 Rf3 44. Kxg6 Rxg3+ 45. Kxf5 Rxh3 46. Bc1 Rh1 47. Be3 Kxa3 48. Kf4 Rf1+ 49. Kg3 Rb1 50. Kf2 Kb3 51. Ke2 Kc2 52. Bd4 a5 53. Ke3 a4 54. Ke4 Rb4 55. Kd5 Rxd4+ 56. Kxd4 a3 57. Kc4 a2 58. Kb5 a1Q 59. Kxb6 Qc3 60. Kb5 Kb3 61. Ka6 Qb4 62. Ka7 Kc4 0-1